[Event "GER-ch Net Amateur Gr-A Vor3"]
[Site "Playchess.com INT"]
[Date "2020.04.16"]
[Round "2"]
[White "Kalthoff, Peter"]
[Black "Colbow, Collin"]
[Result "0-1"]
[WhiteElo "1826"]
[BlackElo "2057"]
[PlyCount "98"]
[EventDate "2020.04.16"]
[EventType "swiss (blitz)"]
[EventRounds "9"]
[EventCountry "GER"]
[SourceTitle "CBM 195 Extra"]
[Source "ChessBase"]
[SourceDate "2020.05.31"]
[SourceVersion "1"]
[SourceVersionDate "2020.05.31"]
[SourceQuality "1"]

1. d4 Nf6 2. Bg5 Ne4 3. Bf4 c5 4. f3 Qa5+ 5. c3 Nf6 6. d5 Qb6 7. Bc1 d6 8. Na3 e6 9. e4 exd5 10. exd5 g6 11. Nc4 Qc7 12. a4 Bg7 13. Bf4 0-0 14. Bxd6 Re8+ 15. Kf2 Qd8 16. Bxc5 Nxd5 17. Nd6 Re5 18. Nxc8 Qxc8 19. Bd4 Rf5 20. Bxg7 Kxg7 21. Qd4+ Nf6 22. Bc4 Nc6 23. Qh4 Ne5 24. Be2 Nfg4+ 25. Ke1 Ne3 26. Qf2 Nc2+ 27. Kf1 Nxa1 28. Nh3 Nc2 29. g4 Nxg4 30. Qg3 Nce3+ 31. Ke1 Nf6 32. Bd3 Rd5 33. Be2 Qe6 34. Nf4 Qe5 35. Nxd5 Qxd5 36. Kf2 Nf5 37. Qf4 Rd8 38. Rd1 Qc5+ 39. Kg2 Rxd1 40. Bxd1 Ne3+ 41. Kh1 Nxd1 42. Qd4 Qxd4 43. cxd4 Nd5 44. Kg2 Kf6 45. Kf1 Nxb2 46. Ke2 Nxa4 47. Kd3 Nac3 48. Kc4 a5 49. Kc5 a4 0-1

[Event "GER-ch Net Amateur Gr-A Vor3"]
[Site "Playchess.com INT"]
[Date "2020.04.16"]
[Round "9"]
[White "Kalthoff, Peter"]
[Black "Von Herman, Brigitte"]
[Result "1-0"]
[WhiteElo "1826"]
[BlackElo "1633"]
[PlyCount "67"]
[EventDate "2020.04.16"]
[EventType "swiss (blitz)"]
[EventRounds "9"]
[EventCountry "GER"]
[SourceTitle "CBM 195 Extra"]
[Source "ChessBase"]
[SourceDate "2020.05.31"]
[SourceVersion "1"]
[SourceVersionDate "2020.05.31"]
[SourceQuality "1"]

1. d4 Nf6 2. Bg5 e6 3. e4 h6 4. Bxf6 Qxf6 5. Nc3 c5 6. e5 Qd8 7. d5 d6 8. Bb5+ Bd7 9. dxe6 fxe6 10. Qh5+ Ke7 11. exd6+ Kxd6 12. 0-0-0+ Kc7 13. Qe5+ Kb6 14. Bxd7 Nxd7 15. Qxe6+ Kc7 16. Nb5+ Kc8 17. Nd6+ Bxd6 18. Qxd6 Rf8 19. Nf3 a5 20. Rhe1 Ra6 21. Qe7 Qxe7 22. Rxe7 Nf6 23. Rxg7 Re6 24. b3 Re2 25. Nd2 Rxf2 26. Nc4 Kb8 27. Nxa5 Ne4 28. Rxb7+ Kc8 29. Rdd7 Nc3 30. Rdc7+ Kd8 31. Rxc5 Nxa2+ 32. Kb2 Nb4 33. Rxb4 Rxg2 34. Rb8+ 1-0

[Event "GER-chT10 LJ-23 Br01 email"]
[Site "GER email"]
[Date "2013.10.04"]
[Round "?"]
[White "Maerten, Thomas"]
[Black "Kalthoff, Peter"]
[Result "1-0"]
[WhiteElo "2255"]
[BlackElo "2141"]
[PlyCount "121"]
[EventDate "2013.10.15"]
[EventType "tourn (corr)"]
[EventRounds "8"]
[EventCountry "GER"]
[SourceTitle "Corr 2015"]
[Source "ChessBase"]
[SourceDate "2015.07.17"]
[SourceVersion "1"]
[SourceVersionDate "2015.07.17"]
[SourceQuality "1"]

1. e4 d5 2. exd5 Nf6 3. d4 Qxd5 4. Nf3 Bg4 5. Be2 Nc6 6. 0-0 0-0-0 7. Be3 Bxf3 8. Bxf3 Qd7 9. c3 e5 10. Qb3 e4 11. Be2 Nd5 12. c4 Nxe3 13. fxe3 g6 14. Kh1 Bh6 15. c5 Bxe3 16. Qxe3 Qxd4 17. Qa3 Kb8 18. Nc3 f5 19. Rad1 Qe3 20. b4 Rxd1 21. Rxd1 Rd8 22. Qb2 a6 23. a4 Qf2 24. Rxd8+ Nxd8 25. Qd2 Ne6 26. Nd1 Qh4 27. Bc4 Qe7 28. Bxe6 Qxe6 29. Qd8+ Qc8 30. Qd4 Qe8 31. Nc3 e3 32. Qc4 c6 33. g3 g5 34. Kg2 h6 35. h4 Qe5 36. Kf3 e2 37. Nxe2 Qa1 38. hxg5 hxg5 39. Qg8+ Ka7 40. Qxg5 Qa3+ 41. Kf2 Qxb4 42. Qxf5 Qxa4 43. g4 a5 44. g5 Qh4+ 45. Ke3 a4 46. g6 a3 47. Qf7 Qh3+ 48. Kd2 Qh6+ 49. Kc2 Qh5 50. Qe6 Qxc5+ 51. Kb3 a2 52. Kxa2 Qc2+ 53. Ka1 Qd1+ 54. Kb2 Qd2+ 55. Kb3 Qd1+ 56. Kc3 Qa1+ 57. Kd3 Qh1 58. Qg4 Qb1+ 59. Ke3 Qb6+ 60. Kf3 Qb3+ 61. Kf2 1-0

[Event "GER-chT10 LJ-23 Br01 email"]
[Site "GER email"]
[Date "2013.10.04"]
[Round "?"]
[White "Schmidt, Theo"]
[Black "Kalthoff, Peter"]
[Result "1/2-1/2"]
[WhiteElo "2127"]
[BlackElo "2141"]
[PlyCount "59"]
[EventDate "2013.10.15"]
[EventType "tourn (corr)"]
[EventRounds "8"]
[EventCountry "GER"]
[SourceTitle "Corr 2015"]
[Source "ChessBase"]
[SourceDate "2015.07.17"]
[SourceVersion "1"]
[SourceVersionDate "2015.07.17"]
[SourceQuality "1"]

1. d4 Nf6 2. c4 c5 3. d5 b5 4. cxb5 a6 5. bxa6 e6 6. Nc3 exd5 7. Nxd5 Nxa6 8. Bg5 Be7 9. Nxe7 Qxe7 10. e3 Qe5 11. Nf3 Qxb2 12. Bc4 h6 13. Bh4 Qc3+ 14. Nd2 Ne4 15. Bd5 Nxd2 16. Rc1 Nf3+ 17. Kf1 Qd2 18. gxf3 Qxd1+ 19. Rxd1 Ra7 20. Rg1 g5 21. Bg3 Nb4 22. Kg2 Rg8 23. Bd6 Nxd5 24. Rxd5 f6 25. Bxc5 Rxa2 26. Rb1 Kf7 27. Bd4 Ra6 28. Rf5 Kg6 29. Rfb5 Rc6 30. Rd5 1/2-1/2

[Event "GER HS-139 email"]
[Site "GER email"]
[Date "2012.12.10"]
[Round "?"]
[White "Kalthoff, Peter"]
[Black "Herzog, Klaus"]
[Result "1-0"]
[WhiteElo "2134"]
[BlackElo "1850"]
[PlyCount "53"]
[EventDate "2012.12.18"]
[EventType "tourn (corr)"]
[EventRounds "6"]
[EventCountry "GER"]
[SourceTitle "Corr 2015"]
[Source "ChessBase"]
[SourceDate "2015.07.17"]
[SourceVersion "1"]
[SourceVersionDate "2015.07.17"]
[SourceQuality "1"]

1. d4 Nf6 2. Bg5 Ne4 3. Bf4 c5 4. f3 Qa5+ 5. c3 Nf6 6. d5 Qb6 7. Bc1 g6 8. Nh3 d6 9. Nf2 Bg7 10. e4 0-0 11. Be2 e6 12. c4 Na6 13. Nc3 exd5 14. cxd5 Bd7 15. 0-0 Rfe8 16. Rb1 Rac8 17. Be3 Nh5 18. Qd2 f5 19. exf5 gxf5 20. Bh6 Bf6 21. g4 Ng7 22. Kh1 c4 23. gxf5 Nxf5 24. Nfe4 Be5 25. f4 Bd4 26. Bg4 Kh8 27. Ng5 1-0

[Event "GER HS-138 email"]
[Site "GER email"]
[Date "2012.11.21"]
[Round "?"]
[White "Reichelt, Holger"]
[Black "Kalthoff, Peter"]
[Result "1/2-1/2"]
[WhiteElo "1979"]
[BlackElo "2139"]
[PlyCount "34"]
[EventDate "2012.11.27"]
[EventType "tourn (corr)"]
[EventRounds "6"]
[EventCountry "GER"]
[SourceTitle "Corr 2015"]
[Source "ChessBase"]
[SourceDate "2015.07.17"]
[SourceVersion "1"]
[SourceVersionDate "2015.07.17"]
[SourceQuality "1"]

1. d4 Nf6 2. Nf3 e6 3. c4 c5 4. d5 b5 5. Bg5 exd5 6. cxd5 h6 7. Bxf6 Qxf6 8. Qc2 d6 9. e4 a6 10. a4 b4 11. Nbd2 Nd7 12. Bd3 g6 13. Nc4 Bg7 14. 0-0 0-0 15. a5 Qf4 16. Rfe1 Re8 17. Rad1 Ne5 1/2-1/2

[Event "GER-chT KG-35 Br1 email"]
[Site "GER email"]
[Date "2008.03.31"]
[Round "?"]
[White "Kalthoff, Peter"]
[Black "Rinkewitz, Frank"]
[Result "0-1"]
[WhiteElo "1640"]
[BlackElo "1884"]
[PlyCount "67"]
[EventDate "2008.??.??"]
[EventType "tourn (corr)"]
[EventRounds "7"]
[EventCountry "GER"]
[SourceTitle "Corr 2011"]
[Source "ChessBase"]
[SourceDate "2010.08.31"]
[SourceVersion "1"]
[SourceVersionDate "2010.08.31"]
[SourceQuality "1"]

1. d4 Nf6 2. Bg5 c5 3. d5 Ne4 4. Bf4 e6 5. f3 Nf6 6. e4 exd5 7. exd5 d6 8. Nc3 Be7 9. Qd2 a6 10. Nge2 b5 11. Ng3 0-0 12. 0-0-0 Nbd7 13. Nf5 b4 14. Na4 Ne5 15. Nxe7+ Qxe7 16. Nxc5 Bf5 17. Bxe5 Qxe5 18. Nd3 Qxd5 19. Nxb4 Qe6 20. Qxd6 Qe3+ 21. Kb1 a5 22. Nc6 Rfe8 23. Qd4 Qg5 24. Qc5 Nd7 25. Qd6 Be6 26. h4 Qf6 27. Bb5 Rac8 28. Rhe1 Nf8 29. Re4 h5 30. a4 Ng6 31. Qd4 Qxd4 32. Rexd4 Bf5 33. Rc4 Be6 34. Re4 0-1